000 00375 a2200121 4500
001 ART_44446
005 20260410161939.0
008 260409a
245 1 0 _aThe endogenous money stock
100 1 _aArestis, Philip
700 1 _aBiefang-Frisancho Mariscal, Iris
773 0 _tJournal of post Keynesian economics
_g- Vol. 17, NÂș 4 (jun. 1995)
_wREV26226
999 _c29288
_d29288